| 000 | 00546nam a2200193Ia 4500 | ||
|---|---|---|---|
| 005 | 20250508162306.0 | ||
| 008 | 008 250505s9999 xx 000 0 eng d | ||
| 037 | _aTextual | ||
| 040 |
_aFEDL _beng _cFEDL |
||
| 041 |
_aeng _2eng |
||
| 084 |
_a301, AND _qFEDL |
||
| 100 |
_aAnderson Walfred A. _9348422 |
||
| 245 | 0 | _aSociety : Its organization and operation | |
| 260 |
_aNew Jersey, USA _bD. Van Nostrand Company _c1966 |
||
| 300 | _axvi,446p. | ||
| 650 | _aSociology | ||
| 942 |
_cTEXL _h301, AND |
||
| 999 |
_c1375627 _d1375627 |
||